Proceedings of the north pacific symposium on invertebrate stock assessment and management
Uloženo v:
| Hlavní autoři: | , |
|---|---|
| Médium: | Kniha |
| Jazyk: | angličtina |
| Vydáno: |
Ottawa
NRC Research Press
1998
|
| Edice: | Canadian Special Publication of Fisheries and Aquatic Sciences, 125
|
| Témata: | |
| Tagy: |
Přidat tag
Žádné tagy, Buďte první, kdo vytvoří štítek k tomuto záznamu!
|
MARC
| LEADER | 00000nam a2200000 a 4500 | ||
|---|---|---|---|
| 001 | UCP9265 | ||
| 003 | CL-VaPUC | ||
| 008 | 000324e19980000CN |||||||||||||||||eng|d | ||
| 082 | 0 | 4 | |a 639.4 |b JAM |2 21 |
| 100 | 0 | |a Jamieson, Glen S |e author |9 439730 | |
| 700 | 0 | |a Campbell, Alan |e author |9 439731 | |
| 245 | 1 | 0 | |a Proceedings of the north pacific symposium on invertebrate stock assessment and management |
| 300 | |a 462 p | ||
| 942 | |c BK | ||
| 945 | |d 20000324 00:00:00 |a vberengu | ||
| 260 | |a Ottawa |b NRC Research Press |c 1998 | ||
| 650 | 0 | |a Crustáceos |9 259969 | |
| 650 | 0 | |a Invertebrados |9 261302 | |
| 650 | 0 | |a Invertebrados marinos |9 261807 | |
| 650 | 7 | |a PESQUERIAS |2 CL-VaPUC |9 439732 | |
| 583 | |a last modification |c 20000324 00:00:00 |k Rodrigo Vera | ||
| 490 | 0 | |a Canadian Special Publication of Fisheries and Aquatic Sciences, 125 | |
| 999 | |c 286095 |d 286093 | ||
| 952 | |0 0 |1 0 |4 0 |6 639_400000000000000_JAM_1998 |7 0 |8 CCM |9 331409 |a BIBCUR |b BIBCUR |d 2019-11-20 |i 3587088 |o 639.4 JAM 1998 |p 3587088 |r 2025-04-22 |w 2019-11-20 |y BK |k CIM | ||
| 952 | |0 0 |1 0 |4 0 |6 639_400000000000000_JAM_1998 |7 0 |8 CCM |9 331410 |a BIBCUR |b BIBCUR |d 2019-11-20 |i 3599817 |o 639.4 JAM 1998 |p 3599817 |r 2025-04-22 |w 2019-11-20 |y BK |k RNT | ||